Fr. Conceicao Rodrigues College of Engineering

Electromagnetic fields (Record no. 32950)

MARC details
000 -LEADER
fixed length control field 00283nam a2200133Ia 4500
100 ## - MAIN ENTRY--PERSONAL NAME
Personal name Wangsness R.K.
250 ## - EDITION STATEMENT
Edition statement 2
245 ## - TITLE STATEMENT
Title Electromagnetic fields
260 ## - PUBLICATION, DISTRIBUTION, ETC.
Name of publisher, distributor, etc. John Wiley
Place of publication, distribution, etc. New York
Date of publication, distribution, etc. 1986
300 ## - PHYSICAL DESCRIPTION
Extent 706
546 ## - LANGUAGE NOTE
Language note ENGLISH
654 ## - SUBJECT ADDED ENTRY--FACETED TOPICAL TERMS
Focus term Electromagnetic
942 ## - ADDED ENTRY ELEMENTS (KOHA)
Koha item type BOOK
Holdings
Withdrawn status Lost status Damaged status Not for loan Collection Home library Current library Date acquired Source of acquisition Cost, normal purchase price Total Checkouts Full call number Barcode Date last seen Cost, replacement price Price effective from Koha item type
        CRC Fr. Agnel's C.Rodrigues College of Engineering Fr. Agnel's C.Rodrigues College of Engineering 17/03/2023 global books 410.80   6671 17/03/2023 410.80 17/03/2023 BOOK